000 00743cam a2200241 a 4500
001 000008849
005 20240305135409.0
008 890619s1989 cu 000 f spa d
040 _aDO-SdBNP
_bspa
_cLC
_dBNPHU
082 _aC863.44
_bG216ge
100 1 _aGarcía Márquez, Gabriel,
_b1928-2014
_d1928-
_91804
245 1 3 _aEl general en su laberinto /
_cGabriel García Márquez.
260 _aLa Habana, Cuba :
_bCasa de las Américas,
_c1989.
300 _a286 p. ;
_c23 cm.
490 1 _aHonda
650 4 _aNovela colombiana
_91243
650 4 _aLiteratura colombiana
_91244
600 1 4 _aBOLÍVAR, SIMÓN,
_d1783-1830
_xFICCIÓN
_923402
830 0 _aHonda
_923403
910 _aCatalogación derivada
910 _aWM
049 _aBNGR
999 _c8618
_d8618